000
00228nam a22000857a 4500
008
170616b xxu||||| |||| 00| 0 eng d
100
_9
3469
_a
Bhalla. G. S
245
_a
Condition of Indian peasantsy
260
_a
New Delhi
_b
N. B. T
_c
2008
999
_c
6843
_d
6843